Dioda, tranzistor a tyristor názorně : Programovaný kurs /

Gespeichert in:
Bibliographische Detailangaben
Format: Buch
Sprache:Tschechisch
Veröffentlicht: Praha : SNTL, 1987
Ausgabe:3.vyd.
Schlagworte:
Tags: Tag hinzufügen
Keine Tags, Fügen Sie das erste Tag hinzu!

MARC

LEADER 00000nam a22000003a 4500
001 stu35547
005 20241003085418.0
008 920427s1987----cs------------------cze-d
040 |a STU  |b slo 
041 0 |a cze 
044 |a cs 
080 |a 621.382.2/.3  |7 1000601911 
080 |a 621.385(035) 
245 1 |a Dioda, tranzistor a tyristor názorně :  |b Programovaný kurs /  |c Z nem. Vladimír Suchánek 
250 |a 3.vyd. 
260 |a Praha :  |b SNTL,  |c 1987 
300 |a 303 s 
650 7 |a Diódy  |2 stusub 
650 7 |a príručky  |2 stusub 
650 7 |a tranzistory  |2 stusub 
650 7 |a tyristory  |2 stusub 
996 |b 284M046402  |c M*416-1  |l MMKN  |s A  |a 24  |w stu35547_0002 
996 |b 284M046401  |c M*416-2  |l MMKN  |s A  |a 24  |w stu35547_0003 
996 |b 284M046400  |c M*416-3  |l MMKN  |s A  |a 24  |w stu35547_0004 
996 |b 284J031915  |c J*78915  |l JJK1  |s P  |a 0  |w stu35547_0005